000 00595nam a2200241Ia 4500
003 OSt
005 20221005124746.0
006 a|||||r|||| 00| 0
007 ta
008 221004b |||||||| |||| 00| 0 tam d
020 _c2.00
024 _a52111
037 _cTextual
040 _aCRL
_cCRL
_btam
041 _2tam
_atam
082 _aV2:51wM89, 31K4
100 _aSambandham Au.
_9625565
245 0 _aNehrvji vazhkkai varalara
260 _c1964
650 _aHISTORY
942 _hV2:51wM89, 31K4
_cTEXL
_2cc
999 _c1051523
_d1051523